000 00330nam a2200133Ia 4500
005 20251222142029.0
008 251222s9999||||xx |||||||||||||| ||spa||
020 _a84-8380-866-9
082 _a869.521/M64
100 _aMirĂ³ Quesada Sosa, Aurelio
245 0 _aEl Inca Garcilazo
264 _bFondo Editorial PUCP
942 _cLIB
999 _c10917
_d10917